000 00547nam a22002057a 4500
001 85013
003 BD-RjUL
005 20250619122019.0
008 250619r1897 -uk||||| |||| 00| 0 eng d
035 _a(BD-RjUL85013
040 _aBD-RjUL
_beng
_cBD-RjUL
_dBD-RjUL
041 _aeng
082 _a824.8
_bSTV 1897
100 _a Stevenson, Robert, Louis
_956475
245 _aVirginibus puerisque /
_cR.L. Stevenson
260 _a London :
_bThomas Nelson,
_c1897
300 _a282 p. ;
_c18 cm.
650 _aFiction
_969902
942 _2ddc
_cBK
999 _c85013
_d85013